सम्पूर्णानन्द (Record no. 301363)

MARC details
000 -LEADER
fixed length control field 00873nam a2200253Ia 4500
003 - CONTROL NUMBER IDENTIFIER
control field OSt
005 - DATE AND TIME OF LATEST TRANSACTION
control field 20220923211615.0
008 - FIXED-LENGTH DATA ELEMENTS--GENERAL INFORMATION
fixed length control field 220922b |||||||| |||| 00| 0 hin d
037 ## - SOURCE OF ACQUISITION
Terms of availability Textual
040 ## - CATALOGING SOURCE
Original cataloging agency ARTS
Transcribing agency ARTS
Language of cataloging hin
041 ## - LANGUAGE CODE
Source of code hin
Language code of text/sound track or separate title hin
245 #0 - TITLE STATEMENT
Title सम्पूर्णानन्द
Remainder of title जीवन एवं चिन्तन
246 ## - VARYING FORM OF TITLE
Title proper/short title Sampūrṇānanda: jīvan evan chintana
260 ## - PUBLICATION, DISTRIBUTION, ETC.
Place of publication, distribution, etc. वाराणसी
Name of publisher, distributor, etc. सम्पूर्णानन्द संस्कृत विश्वविद्यालय
Date of publication, distribution, etc. 1994
300 ## - PHYSICAL DESCRIPTION
Extent 192पृ.
Dimensions cm.
490 ## - SERIES STATEMENT
Series statement Sampurnananda granthmala( 17
650 ## - SUBJECT ADDED ENTRY--TOPICAL TERM
Topical term or geographic name entry element हिन्दी साहित्य
9 (RLIN) 156264
942 ## - ADDED ENTRY ELEMENTS (KOHA)
Classification part z44jM90, 152N4
Koha item type Textual
Source of classification or shelving scheme Colon Classification (CC)
Holdings
Withdrawn status Lost status Damaged status Not for loan Home library Current library Date acquired Total Checkouts Full call number Barcode Date last seen Price effective from Koha item type
        Arts Library Arts Library 2022-09-23   z44jM90 152N4 CL1042018 2022-09-23 2022-09-23 Textual
Copyright @ Delhi University Library System